000 00574nam a2200169 i 4500
001 57855
003 ES-MaACL
007 t|
008 031020m19711973sp ||||1| spa d
100 1 _aDonat Zopo, José.
_945291
245 1 0 _aRepertorio de bibliografía geológica y espeleológica valenciana /
_cJosé Donat Zopo y E. Miquel.
260 _aValencia :
_bGrupo Espeleológico Vilanova y Piera,
_c1971-1973.
300 _a2 v. ;
_c24 cm.
700 1 _aMiquel, E.
_981401
710 2 _aGrupo Espeleológico Vilanova y Piera.
_94526
852 _aES-MaACL
_jL-6089-90
_bR.88486
999 _c57855
_d57855